LDR 00883naa#a2200169#i#450# 001 RU\\bibl\121413 005 20260514154945.4 011 ## _a1994-4683 100 ## _a20230531b2023####ek#y0rusy0150####ca 102 ## _aRU 200 1# _aОСАНКА И ПОХОДКА КАК ФУНДАМЕНТ ДЛЯ ФОРМИРОВАНИЯ КУЛЬТУРЫ ТЕЛОСЛОЖЕНИЯ У СТУДЕНТОВ _eЖурнальная статья 210 1# _aМосква _cНациональный государственный Университет физической культуры, спорта и здоровья им. П.Ф. Лесгафта _d2023 215 ## _a3 с. 608 ## _aЖурнальная статья _2local 675 ## _aСпортивная эстетика. Красота (прекрасное) в спорте. 796.011.7 _z 700 #1 _aЖебелева _gЕ В 856 4# _auchzapiski.lesgaft.spb.ru _u